000 00500cam a22001697a 4500
008 180718b2001 xxu||||| |||| 00| 0 eng d
020 _a0195651499
082 _aB11x54 K123
100 _aVaidyanathan, T.G.
245 _aEssential writings of Sudhir Kakar
_cby T.G. Vaidyanathan
260 _aNew Delhi
_bOxford Univ. Press
_c2001
300 _a397p.
650 _aCulture - India
650 _aPsychology
650 _aKakar, Sudhir - Criticism and interpretation
650 _aPsycho - analysis
999 _c396266
_d396266